Commutative Banach algebras /
Guardado en:
| Autor Principal: | |
|---|---|
| Formato: | Libro |
| Idioma: | English |
| Publicado: |
Rio de Janeiro :
Instituto de Matemática Pura e Aplicada do Conselho Nacional de Pesquisas,
1959.
|
| Series: | Notas de matemática ;
no. 17 |
| Etiquetas: |
Agregar Etiqueta
Sin Etiquetas, Sea el primero en etiquetar este registro!
|
| LEADER | 00705nam a22001815a 4500 | ||
|---|---|---|---|
| 001 | MAT.inmabb000587 | ||
| 008 | 031118s1959####bl############000#0#eng#d | ||
| 005 | 20130502165022.0 | ||
| 245 | 1 | 0 | |a Commutative Banach algebras / |c by George W. Mackey. |
| 260 | |a Rio de Janeiro : |b Instituto de Matemática Pura e Aplicada do Conselho Nacional de Pesquisas, |c 1959. | ||
| 300 | |a 210 p. ; |c 27 cm. | ||
| 440 | 0 | |a Notas de matemática ; |v no. 17 | |
| 500 | |a Notas de un curso dictado en Harvard University en la primavera de 1951. | ||
| 510 | 4 | |a MR, |c 21 #5909 | |
| 100 | 1 | |a Mackey, George Whitelaw, |d 1916- | |
| 084 | |a 46Jxx |2 msc2000 | ||
| 859 | |h 46 |i M157 |p A-385 |b BIB. MATEMATICA | ||
| 859 | |h 46 |i M157 |p A-418 |t Ej. 2 |b BIB. MATEMATICA | ||
